[Event "BRA-ch U26 (Women)"]
[Site "Brasilia"]
[Date "2024.10.14"]
[Round "1"]
[White "Miranda, Marina Lima"]
[Black "Maciel, Maite"]
[Result "1-0"]
[WhiteElo "1813"]
[BlackElo "1784"]
[PlyCount "81"]
[EventDate "2024.10.14"]
[EventType "swiss"]
[EventRounds "6"]
[EventCountry "BRA"]
[SourceTitle "CB43_2024"]
[Source "Chessbase"]
[SourceDate "2024.10.23"]
[SourceVersion "1"]
[SourceVersionDate "2024.10.23"]
[SourceQuality "1"]

1. e4 e6 2. d4 d5 3. e5 c5 4. c3 Nc6 5. Nf3 Qb6 6. a3 cxd4 7. cxd4 Nge7 8. b4 Bd7 9. Nc3 Nc8 10. Na4 Qd8 11. Bb2 a6 12. Rc1 b5 13. Nc5 Nb6 14. Nd2 Nc4 15. Nxc4 bxc4 16. Qg4 f5 17. Qh5+ g6 18. Qf3 Qe7 19. h4 h5 20. Qg3 Qf7 21. Be2 Bc8 22. Qf3 Bxc5 23. dxc5 Qc7 24. Qg3 Qf7 25. Qf4 Rb8 26. g4 Qe7 27. gxf5 gxf5 28. Rg1 Bd7 29. Rg5 a5 30. Bxh5+ Kf8 31. Bc3 axb4 32. axb4 Nxb4 33. Bxb4 Rxb4 34. Ra1 Rb8 35. Ra7 Rc8 36. Bd1 Rh7 37. Qg3 Qxc5 38. Rg8+ Ke7 39. Qg5+ Kf7 40. Rxd7+ Qe7 41. Qg6# 1-0

[Event "BRA-ch U26 (Women)"]
[Site "Joinville"]
[Date "2023.10.09"]
[Round "1"]
[White "Miranda, Marina Lima"]
[Black "Carneiro, Cecilia Cavalcanti"]
[Result "1-0"]
[WhiteElo "1689"]
[BlackElo "1800"]
[PlyCount "46"]
[EventDate "2023.10.09"]
[EventType "swiss"]
[EventRounds "6"]
[EventCountry "BRA"]
[SourceTitle "CBM 216 Extra"]
[Source "ChessBase"]
[SourceDate "2023.11.30"]
[SourceVersion "1"]
[SourceVersionDate "2023.11.30"]
[SourceQuality "1"]

1. e4 e5 2. Nf3 Nc6 3. Bc4 Bc5 4. c3 Nf6 5. d3 0-0 6. 0-0 d6 7. h3 a6 8. a4 Bd7 9. Bg5 h6 10. Bh4 Rb8 11. d4 b5 12. axb5 axb5 13. dxc5 bxc4 14. cxd6 cxd6 15. Qxd6 Re8 16. Nbd2 Re6 17. Qc5 Qc7 18. Rfe1 Rxb2 19. Nxc4 Rb7 20. Bg3 Nh5 21. Ra8+ Kh7 22. Bh2 Nf4 23. Qf8 Ng6 1-0

[Event "Florianopolis op 9th"]
[Site "Florianopolis"]
[Date "2023.01.28"]
[Round "8"]
[White "Bastos, Guilherme Exterhott"]
[Black "Miranda, Marina Lima"]
[Result "1/2-1/2"]
[WhiteElo "1902"]
[BlackElo "1672"]
[PlyCount "21"]
[EventDate "2023.01.23"]
[EventType "swiss"]
[EventRounds "10"]
[EventCountry "BRA"]
[SourceTitle "CBM 212 Extra"]
[Source "ChessBase"]
[SourceDate "2023.03.31"]
[SourceVersion "1"]
[SourceVersionDate "2023.03.31"]
[SourceQuality "1"]

1. d4 Nf6 2. Bg5 c6 3. Nf3 d5 4. e3 Bf5 5. c4 e6 6. Qb3 Qb6 7. c5 Qxb3 8. axb3 Nbd7 9. b4 Be7 10. Nc3 h6 11. Bf4 1/2-1/2

[Event "Florianopolis op 9th"]
[Site "Florianopolis"]
[Date "2023.01.27"]
[Round "7"]
[White "Miranda, Marina Lima"]
[Black "Feller, Gabriela Luisa Vice"]
[Result "0-1"]
[WhiteElo "1672"]
[BlackElo "1914"]
[PlyCount "64"]
[EventDate "2023.01.23"]
[EventType "swiss"]
[EventRounds "10"]
[EventCountry "BRA"]
[SourceTitle "CBM 212 Extra"]
[Source "ChessBase"]
[SourceDate "2023.03.31"]
[SourceVersion "1"]
[SourceVersionDate "2023.03.31"]
[SourceQuality "1"]

1. e4 c6 2. d4 d5 3. exd5 cxd5 4. Bd3 Nc6 5. c3 Nf6 6. Bf4 Bg4 7. Nf3 e6 8. Nbd2 Bd6 9. Bxd6 Qxd6 10. Qb3 Rb8 11. h3 Bh5 12. a4 0-0 13. 0-0 b6 14. Rae1 Bg6 15. Bxg6 hxg6 16. Ne5 Rfe8 17. f4 Na5 18. Qc2 Nc4 19. Ndxc4 dxc4 20. Qe2 Qd5 21. Ng4 b5 22. Nxf6+ gxf6 23. axb5 Rxb5 24. Ra1 Reb8 25. Rxa7 Rxb2 26. Qf3 Qb5 27. Rc7 Rc2 28. Rc5 Qb3 29. d5 Rxc3 30. Qf2 exd5 31. Rxd5 Rc2 32. Qd4 Qb6 0-1

[Event "BRA-ch (Women) 61st"]
[Site "Recife"]
[Date "2022.12.22"]
[Round "8"]
[White "Terao, Juliana Sayumi"]
[Black "Miranda, Marina Lima"]
[Result "1-0"]
[WhiteElo "2240"]
[BlackElo "1647"]
[PlyCount "45"]
[EventDate "2022.12.15"]
[EventType "swiss"]
[EventRounds "9"]
[EventCountry "BRA"]
[SourceTitle "EXT 2024"]
[Source "ChessBase"]
[SourceDate "2023.10.10"]
[SourceVersion "1"]
[SourceVersionDate "2023.10.10"]
[SourceQuality "1"]

1. e4 c5 2. Nf3 Nc6 3. c3 d5 4. exd5 Qxd5 5. d4 cxd4 6. cxd4 Bg4 7. Be2 e6 8. Nc3 Qa5 9. 0-0 Nf6 10. h3 Bh5 11. a3 Bd6 12. Be3 0-0 13. Qb3 Ne7 14. Bd2 Rac8 15. Ne4 Qd5 16. Qxd5 Nexd5 17. Nxd6 Rc2 18. Bd3 Rc6 19. Nc4 Bg6 20. Be2 Nd7 21. Rac1 Rfc8 22. Nce5 Nxe5 23. Nxe5 1-0

[Event "Fortaleza Cearense-ch"]
[Site "Fortaleza"]
[Date "2021.??.??"]
[Round "3"]
[White "Palacio, Igor Da Paz"]
[Black "Miranda, Marina Lima"]
[Result "1-0"]
[WhiteElo "2172"]
[BlackElo "1614"]
[PlyCount "83"]
[EventDate "2021.11.12"]
[EventType "swiss"]
[EventRounds "7"]
[EventCountry "BRA"]
[SourceTitle "CBM 205 Extra"]
[Source "ChessBase"]
[SourceDate "2022.01.31"]
[SourceVersion "1"]
[SourceVersionDate "2022.01.31"]
[SourceQuality "1"]

1. e4 c5 2. Nc3 e6 3. g3 Nc6 4. Bg2 Nge7 5. d3 g6 6. Be3 b6 7. f4 Bg7 8. Nf3 d5 9. Bf2 dxe4 10. dxe4 0-0 11. 0-0 Rb8 12. e5 h5 13. Ne4 Nf5 14. c3 Bb7 15. Qe2 Qc7 16. Rad1 Rfd8 17. h3 Na5 18. g4 hxg4 19. hxg4 Bxe4 20. Qxe4 Ne7 21. Bh4 Nac6 22. Rd2 b5 23. Rfd1 Na5 24. b3 Rxd2 25. Nxd2 Nd5 26. Qf3 c4 27. b4 Nc6 28. Ne4 a5 29. a3 axb4 30. axb4 Qa7+ 31. Kh1 Qe3 32. Qxe3 Nxe3 33. Rd6 Rc8 34. Nf6+ Bxf6 35. Bxf6 Nxb4 36. Bb7 Rb8 37. cxb4 g5 38. fxg5 c3 39. Rc6 c2 40. Rc3 Rxb7 41. Rc8+ Kh7 42. Rh8+ 1-0

[Event "Fortaleza Cearense zt"]
[Site "Fortaleza"]
[Date "2019.09.29"]
[Round "6"]
[White "Moreira, Mario Wedney De Lim"]
[Black "Miranda, Marina Lima"]
[Result "1/2-1/2"]
[WhiteElo "1464"]
[BlackElo "1651"]
[PlyCount "45"]
[EventDate "2019.09.26"]
[EventType "swiss"]
[EventRounds "6"]
[EventCountry "BRA"]
[SourceTitle "EXT 2020"]
[Source "ChessBase"]
[SourceDate "2019.10.17"]
[SourceVersion "1"]
[SourceVersionDate "2019.10.17"]
[SourceQuality "1"]

1. e4 c5 2. Nf3 d6 3. d4 cxd4 4. Nxd4 Nf6 5. Nc3 g6 6. Be3 Bg7 7. Qd2 Nc6 8. f3 0-0 9. 0-0-0 a6 10. Bh6 Nxd4 11. Bxg7 Nb3+ 12. cxb3 Kxg7 13. Kb1 Be6 14. h4 h5 15. Be2 Rh8 16. Qd4 Kg8 17. e5 Ne8 18. exd6 Qxd6 19. Qxd6 Nxd6 20. Rd2 Nf5 21. Ne4 Rc8 22. Ng5 Ng3 23. Rhd1 1/2-1/2

[Event "Fortaleza Cearense zt"]
[Site "Fortaleza"]
[Date "2019.09.26"]
[Round "1"]
[White "Miranda, Marina Lima"]
[Black "Monteiro, Jose Q Montenegro"]
[Result "0-1"]
[WhiteElo "1651"]
[BlackElo "1856"]
[PlyCount "78"]
[EventDate "2019.09.26"]
[EventType "swiss"]
[EventRounds "6"]
[EventCountry "BRA"]
[SourceTitle "EXT 2020"]
[Source "ChessBase"]
[SourceDate "2019.10.17"]
[SourceVersion "1"]
[SourceVersionDate "2019.10.17"]
[SourceQuality "1"]

1. e4 c5 2. Nf3 e6 3. d4 cxd4 4. Nxd4 Nf6 5. Nc3 Bb4 6. Bd3 Bxc3+ 7. bxc3 e5 8. Nb3 0-0 9. 0-0 h6 10. Ba3 Re8 11. Re1 Qc7 12. Qd2 d6 13. Rad1 Rd8 14. Bf1 Ne8 15. Re3 Be6 16. Bb5 Nc6 17. Rd3 a6 18. Bxc6 Qxc6 19. Bxd6 Nxd6 20. Rxd6 Rxd6 21. Qxd6 Qxd6 22. Rxd6 Rc8 23. Rd3 b6 24. f3 Kf8 25. a3 Ke7 26. Kf2 Rc4 27. Nd2 Ra4 28. Nb1 Ba2 29. Rd1 b5 30. Ke3 Bxb1 31. Rxb1 Rxa3 32. Rb3 Ra4 33. Rb4 Kd6 34. Kd3 Kc5 35. Rb1 a5 36. g3 Ra3 37. f4 f6 38. fxe5 fxe5 39. Rb3 Ra1 0-1

[Event "Fortaleza Gadelha Memorial"]
[Site "Fortaleza"]
[Date "2019.08.18"]
[Round "7"]
[White "Miranda, Marina Lima"]
[Black "Correia, Aristoteles de Jesu"]
[Result "1/2-1/2"]
[WhiteElo "1595"]
[BlackElo "1704"]
[PlyCount "48"]
[EventDate "2019.08.15"]
[EventType "swiss"]
[EventRounds "7"]
[EventCountry "BRA"]
[SourceTitle "CBM 191 Extra"]
[Source "ChessBase"]
[SourceDate "2019.09.30"]
[SourceVersion "1"]
[SourceVersionDate "2019.09.30"]
[SourceQuality "1"]

1. e4 d6 2. d4 Nf6 3. Nc3 g6 4. Nf3 Bg7 5. Bc4 0-0 6. 0-0 a6 7. a4 Nbd7 8. h3 e5 9. dxe5 dxe5 10. Bg5 Qe8 11. Re1 Nc5 12. Qd2 Be6 13. Qe2 Nh5 14. Nd5 Bxd5 15. Bxd5 h6 16. Be3 Nxa4 17. Bb3 Qc6 18. Rxa4 b5 19. Bd5 Qf6 20. Bxa8 bxa4 21. Bd5 Rb8 22. c3 a5 23. g4 Nf4 24. Bxf4 Qxf4 1/2-1/2

[Event "Fortaleza Gadelha Memorial"]
[Site "Fortaleza"]
[Date "2019.08.16"]
[Round "3"]
[White "Miranda, Marina Lima"]
[Black "Macedo, Maximo Valerio"]
[Result "1-0"]
[WhiteElo "1595"]
[BlackElo "1954"]
[PlyCount "68"]
[EventDate "2019.08.15"]
[EventType "swiss"]
[EventRounds "7"]
[EventCountry "BRA"]
[SourceTitle "CBM 191 Extra"]
[Source "ChessBase"]
[SourceDate "2019.09.30"]
[SourceVersion "1"]
[SourceVersionDate "2019.09.30"]
[SourceQuality "1"]

1. e4 c5 2. Nf3 d6 3. d4 cxd4 4. Nxd4 Nf6 5. Nc3 a6 6. Be2 e6 7. 0-0 Be7 8. f4 Qc7 9. a4 0-0 10. Qe1 Nbd7 11. Kh1 b6 12. Qg3 Kh8 13. Nb3 Bb7 14. Bf3 e5 15. f5 b5 16. Qf2 b4 17. Nd5 Nxd5 18. exd5 Nf6 19. Bg5 Nxd5 20. Bxe7 Nxe7 21. Bxb7 Qxb7 22. f6 Ng8 23. fxg7+ Kxg7 24. Rad1 Rad8 25. Rd3 f5 26. Qd2 Rf6 27. Rg3+ Kh8 28. Qd3 f4 29. Rg5 Ne7 30. Nc5 Qb6 31. Rh5 Rg6 32. Ne6 Rdg8 33. Qh3 R6g7 34. Ng5 Re8 1-0

[Event "BRA-ch North-Northeast U1600"]
[Site "Fortaleza"]
[Date "2019.04.26"]
[Round "2.3"]
[White "Miranda, Marina Lima"]
[Black "Brandao, Joao Marcus Da Cost"]
[Result "1-0"]
[WhiteElo "1566"]
[BlackElo "1500"]
[PlyCount "69"]
[EventDate "2019.04.26"]
[EventType "swiss"]
[EventRounds "6"]
[EventCountry "BRA"]
[SourceTitle "EXT 2022"]
[Source "ChessBase"]
[SourceDate "2021.10.06"]
[SourceVersion "1"]
[SourceVersionDate "2021.10.06"]
[SourceQuality "1"]

1. e4 d5 2. exd5 Qxd5 3. Nc3 Qd6 4. d4 c6 5. a4 Bf5 6. Nf3 Nf6 7. Bc4 e6 8. h3 Nbd7 9. 0-0 Qc7 10. Re1 Bb4 11. Bd2 Nb6 12. Bb3 0-0 13. a5 Nbd5 14. Nxd5 Nxd5 15. Bxb4 Nxb4 16. Qd2 c5 17. Nh4 Rad8 18. Nxf5 exf5 19. c3 Nc6 20. Qg5 Nxa5 21. Re7 Qb6 22. dxc5 Qxb3 23. Rxa5 Qxb2 24. Qxf5 Rd1+ 25. Kh2 Rd2 26. Rxa7 Rxf2 27. Qd5 Qd2 28. Qxd2 Rxd2 29. Raxb7 Rc2 30. Re3 g6 31. c6 Re8 32. c7 Kg7 33. Rd3 Ree2 34. Rd8 Re8 35. Rxe8 1-0

[Event "Fortaleza Schoonenborch U1900 6th"]
[Site "Fortaleza"]
[Date "2019.03.10"]
[Round "5.10"]
[White "Miranda, Marina Lima"]
[Black "Monteiro, Jose Q Montenegro"]
[Result "1/2-1/2"]
[WhiteElo "1566"]
[BlackElo "1816"]
[PlyCount "82"]
[EventDate "2019.03.07"]
[EventType "swiss"]
[EventRounds "6"]
[EventCountry "BRA"]
[SourceTitle "EXT 2022"]
[Source "ChessBase"]
[SourceDate "2021.10.06"]
[SourceVersion "1"]
[SourceVersionDate "2021.10.06"]
[SourceQuality "1"]

1. e4 c5 2. Nf3 e6 3. d4 cxd4 4. Nxd4 Nf6 5. Nc3 Bb4 6. f3 Nxe4 7. fxe4 Qh4+ 8. Ke2 Bxc3 9. bxc3 Qxe4+ 10. Kf2 a6 11. Qf3 Qh4+ 12. Qg3 Qf6+ 13. Qf3 Qxf3+ 14. Nxf3 Nc6 15. Ba3 d5 16. Re1 f6 17. Nd4 Kf7 18. Nxc6 bxc6 19. Rb1 Rd8 20. Bc5 Bd7 21. a3 e5 22. Be2 f5 23. g3 g5 24. h4 g4 25. Rhe1 f4 26. gxf4 exf4 27. Bd6 f3 28. Bxf3 gxf3 29. Re7+ Kf6 30. Re3 Bg4 31. Be7+ Kg6 32. Bxd8 Rxd8 33. Rb6 Rd6 34. Rxa6 Kh5 35. Ra7 h6 36. Ra4 Rf6 37. Rd4 Kxh4 38. c4 dxc4 39. c3 c5 40. Rxc4 Rb6 41. Rxf3 Rb3 1/2-1/2